Mi primer diccionario de ingles / (Record no. 27583)

MARC details
000 -LEADER
fixed length control field 00745cam a2200265Ia 4500
001 - CONTROL NUMBER
control field 16318472
003 - CONTROL NUMBER IDENTIFIER
control field OCoLC
005 - DATE AND TIME OF LATEST TRANSACTION
control field 20221221180408.0
008 - FIXED-LENGTH DATA ELEMENTS--GENERAL INFORMATION
fixed length control field 870730s1986 sp a j 000 0 spa d
020 ## - INTERNATIONAL STANDARD BOOK NUMBER
International Standard Book Number 8476552319 :
Terms of availability $4.00
020 ## - INTERNATIONAL STANDARD BOOK NUMBER
International Standard Book Number 9788476552315
040 ## - CATALOGING SOURCE
Original cataloging agency DZM
Transcribing agency DZM
Modifying agency OCoLC
-- UtOrBLW
041 0# - LANGUAGE CODE
Language code of text/sound track or separate title spa
-- eng
092 ## - LOCALLY ASSIGNED DEWEY CALL NUMBER (OCLC)
Classification number j423
Item number Mi
110 2# - MAIN ENTRY--CORPORATE NAME
Corporate name or jurisdiction name as entry element Walt Disney Productions.
245 10 - TITLE STATEMENT
Title Mi primer diccionario de ingles /
Statement of responsibility, etc. Walt Disney.
260 ## - PUBLICATION, DISTRIBUTION, ETC. (IMPRINT)
Place of publication, distribution, etc. Madrid :
Name of publisher, distributor, etc. Plaza Joven,
Date of publication, distribution, etc. c1986.
300 ## - PHYSICAL DESCRIPTION
Extent 109 p. :
Other physical details col. ill. ;
Dimensions 29 cm.
336 ## - CONTENT TYPE
Content type term text
Content type code txt
Source rdacontent.
337 ## - MEDIA TYPE
Media type term unmediated
Media type code n
Source rdamedia.
338 ## - CARRIER TYPE
Carrier type term volume
Carrier type code nc
Source rdacarrier.
500 ## - GENERAL NOTE
General note At head of title: Walt Disney.
650 #0 - SUBJECT ADDED ENTRY--TOPICAL TERM
Topical term or geographic name as entry element Vocabulary.
942 ## - ADDED ENTRY ELEMENTS (KOHA)
Koha item type Libro/Book
Holdings
Withdrawn status Lost status Damaged status Not for loan Home library Current library Date acquired Inventory number Total Checkouts Full call number Barcode Date last seen Date checked out Price effective from Koha item type
        San Juan Del Sur -- Mobile San Juan Del Sur -- Mobile 21/12/2022 Inventory date: 10-2-25 5 JN 33016879 10/07/2024 10/07/2024 21/12/2022 Libro/Book

Powered by Koha